|
|
|
|
| LEADER |
00000nam0a2200000 4500 |
| 001 |
300019 |
| 005 |
20231102001248.0 |
| 010 |
|
|
|a 9785996303595
|
| 035 |
|
|
|a (RuTPU)RU\TPU\book\325172
|
| 090 |
|
|
|a 300019
|
| 100 |
|
|
|a 20150706d2014 m y0rusy50 ca
|
| 101 |
0 |
|
|a rus
|
| 102 |
|
|
|a RU
|
| 105 |
|
|
|a a j 001zy
|
| 200 |
1 |
|
|a Практикум по органической химии
|e учебное пособие для вузов
|f В. Ф. Травень, А. Е. Щекотихин
|
| 210 |
|
|
|a Москва
|c БИНОМ. Лаборатория знаний
|d 2014
|
| 215 |
|
|
|a 592 с.
|c ил.
|
| 225 |
1 |
|
|a Учебник для высшей школы
|
| 320 |
|
|
|a Библиогр.: с. 587-588.
|
| 320 |
|
|
|a Указатель продуктов : с. 589-592.
|
| 330 |
|
|
|a Практикум включает прописи синтезов более 300 органических соединений всех классов веществ. Даны ссылки на литературные источники, из которых заимствована пропись соответствующего органического соединения, а также источники с информацией о других методах его синтеза. Приведены сведения об утилизации растворителей и побочных продуктов. Особый акцент сделан на новейших методиках синтеза органических соединений, в том числе тех, которые разработаны в соответствии с принципами «зеленой» химии.Данное учебное пособие подготовлено в комплекте с учебником (В. Ф. Травень «Органическая химия», 2-е изд.) и задачником (В. Ф. Тра-вень, А. Ю. Сухорукое, Н. А. Кондратова «Задачи по органической химии») с учетом требований, предъявляемых к содержанию учебных изданий двухуровневой системы высшего образования.Для студентов, аспирантов и преподавателей химических факультетов университетов и химико-технологических вузов.
|
| 606 |
1 |
|
|a Органическая химия
|2 stltpush
|3 (RuTPU)RU\TPU\subj\47309
|9 66362
|
| 610 |
1 |
|
|a химические лаборатории
|
| 610 |
1 |
|
|a правила
|
| 610 |
1 |
|
|a методы
|
| 610 |
1 |
|
|a лабораторная посуда
|
| 610 |
1 |
|
|a лабораторные приборы
|
| 610 |
1 |
|
|a зеленая химия
|
| 610 |
1 |
|
|a перемешивание
|
| 610 |
1 |
|
|a сушка
|
| 610 |
1 |
|
|a экстракция
|
| 610 |
1 |
|
|a перегонка
|
| 610 |
1 |
|
|a возгонка
|
| 610 |
1 |
|
|a идентификация
|
| 610 |
1 |
|
|a органические вещества
|
| 610 |
1 |
|
|a лабораторные работы
|
| 610 |
1 |
|
|a отчеты
|
| 610 |
1 |
|
|a оформление
|
| 610 |
1 |
|
|a ароматические углеводороды
|
| 610 |
1 |
|
|a спирты
|
| 610 |
1 |
|
|a фенолы
|
| 610 |
1 |
|
|a карбонильные соединения
|
| 610 |
1 |
|
|a карбоновые кислоты
|
| 610 |
1 |
|
|a нитросоединения
|
| 610 |
1 |
|
|a амины
|
| 610 |
1 |
|
|a гетероциклические соединения
|
| 610 |
1 |
|
|a аминокислоты
|
| 610 |
1 |
|
|a стереометрия
|
| 610 |
1 |
|
|a алканы
|
| 610 |
1 |
|
|a алкены
|
| 610 |
1 |
|
|a арены
|
| 610 |
1 |
|
|a аминокислоты
|
| 610 |
1 |
|
|a пептиды
|
| 610 |
1 |
|
|a учебные пособия
|
| 675 |
|
|
|a 547(076.5)
|v 3
|
| 700 |
|
1 |
|a Травень
|b В. Ф.
|g Валерий Федорович
|
| 701 |
|
1 |
|a Щекотихин
|b А. Е.
|g Андрей Егорович
|
| 801 |
|
1 |
|a RU
|b 63413507
|c 20150706
|
| 801 |
|
2 |
|a RU
|b 63413507
|c 20150817
|g RCR
|
| 942 |
|
|
|c BK
|